|
|
|
|
| LEADER |
00000cam a22000004a 4500 |
| 001 |
musev2_7910 |
| 003 |
MdBmJHUP |
| 005 |
20230905040912.0 |
| 006 |
m o d |
| 007 |
cr||||||||nn|n |
| 008 |
051006r20061956miu o 00 0 eng d |
| 010 |
|
|
|z 2005028875
|
| 020 |
|
|
|a 9780814335697
|
| 020 |
|
|
|z 9780814332795
|
| 035 |
|
|
|a (OCoLC)755623950
|
| 040 |
|
|
|a MdBmJHUP
|c MdBmJHUP
|
| 043 |
|
|
|a n-us---
|
| 050 |
0 |
4 |
|a HD9710.U54
|b F69 2006
|
| 082 |
0 |
|
|a 338.7/6292092
|a B
|2 22
|
| 100 |
1 |
|
|a Sorensen, Charles E.,
|d 1881-1968.
|
| 245 |
1 |
0 |
|a My Forty Years with Ford /
|c Charles E. Sorensen ; with Samuel T. Williamson ; introduction by David L. Lewis.
|
| 264 |
|
1 |
|a Detroit :
|b Wayne State University Press,
|c 2006.
|
| 264 |
|
3 |
|a Baltimore, Md. :
|b Project MUSE,
|c 2012
|
| 264 |
|
4 |
|c ©2006.
|
| 300 |
|
|
|a 1 online resource (368 pages):
|b ill. ;
|
| 336 |
|
|
|a text
|b txt
|2 rdacontent
|
| 337 |
|
|
|a computer
|b c
|2 rdamedia
|
| 338 |
|
|
|a online resource
|b cr
|2 rdacarrier
|
| 500 |
|
|
|a Includes index.
|
| 500 |
|
|
|a Originally published: New York : Norton, 1956.
|
| 505 |
0 |
|
|a 1. "All that I saw" -- 2. What was Henry Ford really like? -- 3. Henry Ford's man -- 4. What made the Ford organization tick? -- 5. Work was play -- 6. I, Charles Sorensen -- 7. I go to work for Ford -- 8. Couzens, wills, and Flanders : three Ford "greats" -- 9. Model T -- 10. The birth of mass production -- 11. The five-dollar day -- 12. We start the rouge -- 13. We finish the rouge -- 14. Mr. Ford buys a railroad -- 15. Russian adventure -- 16. Farewell to Model T -- 17. Tractor troubles -- 18. Ford and the New Deal -- 19. The biggest challenge of my life -- 20. Henry Ford's greatest failure.
|
| 588 |
|
|
|a Description based on print version record.
|
| 610 |
2 |
0 |
|a Ford Motor Company.
|
| 600 |
1 |
0 |
|a Ford, Henry,
|d 1863-1947.
|
| 650 |
|
0 |
|a Automobile industry and trade
|z United States.
|
| 655 |
|
7 |
|a Electronic books.
|2 local
|
| 710 |
2 |
|
|a Project Muse.
|e distributor
|
| 830 |
|
0 |
|a Book collections on Project MUSE.
|
| 856 |
4 |
0 |
|z Texto completo
|u https://projectmuse.uam.elogim.com/book/7910/
|
| 945 |
|
|
|a Project MUSE - Custom Collection
|
| 945 |
|
|
|a Project MUSE - Archive Complete Foundation
|
| 945 |
|
|
|a Project MUSE - Archive History Foundation
|